Biblioteka Instytutu Północnego w Olsztynie

Widok standardowy Widok MARC

Pozycja Personal Name

Liczba rekordów, w których użyto hasła: 1

001 - Numer kontrolny

  • control field: 40669

003 - Identyfikator numeru kontrolnego

  • control field: NUKAT

005 - Data i czas ostatniej modyfikacji

  • control field: 20260427133040.0

008 - Dane kontrolne kodowane (40 znaków)

  • fixed length control field: 070726n||a|znnaabn |a aaa |c

010 ## - Numer kontrolny Biblioteki Kongresu

  • numer kontrolny LC: n 2007133312

040 ## - Instytucja sporządzająca rekord

  • inst. przygot. dane do rek. khw: WA U/76EU
  • język haseł przedmiotowych/tezaurus: kaba
  • inst. wprow. rek. khw: WA U/EU

100 1# - Hasło - nazwa osobowa

  • nazwa osobowa w formie ujednoliconej: Jakimek-Zapart, Elżbieta.

400 1# - Trop zob. - nazwa osobowa

  • nazwa osobowa (nazwisko, imiona): Jakimek, Elżbieta.

400 1# - Trop zob. - nazwa osobowa

  • nazwa osobowa (nazwisko, imiona): Zapart, Elżbieta Jakimek-.

670 ## - Źródło informacji

  • źródło informacji: Kp. Nie mogłem inaczej... / Elżbieta Jakimek-Zapart ; Instytut Pamięci Narodowej. Komisja Ścigania Zbrodni przeciwko Narodowi Polskiemu. - Kraków, 2007.

670 ## - Źródło informacji

  • źródło informacji: http://www.ipn.gov.pl/portal/pl/2/5292/
Biblioteka Instytutu Północnego, ul. Partyzantów 87, 10-402 Olsztyn, email: biblioteka(at)ip.olsztyn.pl